| 000 | 00386nam a2200133Ia 4500 | ||
|---|---|---|---|
| 005 | 20260326100047.0 | ||
| 008 | 260326s9999||||xx |||||||||||||| ||und|| | ||
| 100 | _aBlitzer, Silvia | ||
| 245 | 0 |
_aLas Ciudades intermedias y pequeñas en América Latina / _cSilvia Blitzer |
|
| 260 | _bCentro de estudios urbanos y regionales | ||
| 300 | _a137 p. | ||
| 650 | _aLATINOAMÉRICA | ||
| 942 | _cBK | ||
| 999 |
_c7240 _d7240 |
||